000 00225nam a2200097Ia 4500
005 20251222114407.0
008 251222s1900||||xx |||||||||||||| ||spa||
082 _aDVD0093/U61/2002
245 0 _aOrientando tu Futuro
942 _cDVD
999 _c1883
_d1883